[Event "CRO-ch U11 Girls"]
[Site "Trogir"]
[Date "2022.06.25"]
[Round "6"]
[White "Tomaic, Ema"]
[Black "Skiljan, Tara"]
[Result "1/2-1/2"]
[WhiteElo "1679"]
[BlackElo "1035"]
[PlyCount "122"]
[EventDate "2022.06.22"]
[EventType "swiss"]
[EventRounds "9"]
[EventCountry "CRO"]
[SourceTitle "CBM 209 Extra"]
[Source "ChessBase"]
[SourceDate "2022.09.30"]
[SourceVersion "1"]
[SourceVersionDate "2022.09.30"]
[SourceQuality "1"]

1. e4 e5 2. Nf3 Nc6 3. d4 f6 4. c3 d5 5. Be3 dxe4 6. Ng1 Bd6 7. Bc4 Nge7 8. Nd2 Bf5 9. f3 exf3 10. Ngxf3 Qd7 11. 0-0 0-0-0 12. dxe5 fxe5 13. Ng5 Rhf8 14. Nf7 Rde8 15. Nxd6+ Qxd6 16. Bb5 Qg6 17. Rf2 Qg4 18. Bxc6 Qxd1+ 19. Rxd1 Nxc6 20. Nc4 e4 21. Bc5 Bg4 22. Re1 Rxf2 23. Kxf2 b6 24. Bd4 Nxd4 25. cxd4 Bf5 26. d5 Rd8 27. Rd1 Be6 28. Ne3 Bf7 29. Nf5 Rd7 30. d6 Bxa2 31. Rd4 Be6 32. g4 Bxf5 33. gxf5 Rxd6 34. Rxe4 g6 35. fxg6 hxg6 36. Rg4 c5 37. Ke3 b5 38. h4 c4 39. Ke2 Kc7 40. Ke3 a5 41. Rg5 Kc6 42. Ke4 a4 43. Ke3 a3 44. bxa3 c3 45. Rg1 c2 46. Rc1 Re6+ 47. Kd3 Rd6+ 48. Kxc2 Rd4 49. Rh1 Kc5 50. h5 gxh5 51. Rxh5+ Kc4 52. Rh1 Re4 53. Ra1 Re6 54. a4 b4 55. a5 b3+ 56. Kb2 Re2+ 57. Ka3 b2 58. Rb1 Re3+ 59. Kxb2 Rb3+ 60. Kc2 Rxb1 61. Kxb1 Kb5 1/2-1/2